00806nam a2200229 a 450000100060000000300080000600500170001400800410003103500190007204000270009104100080011808200270012610000460015324500550019926000600025430000260031450000380034065000270037894200120040599900170041795201420043462952BD-RjUL20211209081138.0170126s1970 pk 000 0 eng  a(BD-RjUL)63080 aDLCcDLCdBD-RjULbeng aeng 223a349.5491bKAJ 19701 aKayani, Malik Rustam,d1902-1962.918721912aA judge may laugh and even cry /cby M. R. Kayani. aLahore :bPakistan Writers' Co-operative Society,c1970 avii, 165 p. ;c22 cm. aRunning title: A judge may laugh. 0aLawzPakistan.9187220 2ddccBK c62952d62952 00102ddc40718NFICaRUCLbRUCLcReadingd1970-07-23eRoyal con.g10.00l0o349.5491 KAJ 1970r2017-01-26 00:00:00tC-1w2017-01-26yBK